000 005070000a22001810004500
003 MACL
005 20160318135536.0
008 160318b xxu||||| |||| 00| 0 eng d
040 _aMACL
_cMACL
041 _aHindi
082 _a891.432
100 _aवर्मा रामकुमार
_941290
245 _aध्रव-तारिका
260 _bराजकमल प्रकाशन
_c1950
_aबम्‍बई
350 _a1
650 _aDrama
_947200
942 _cHIN
_k891.432
_2ddc
999 _c23667
_d23667